Aztecas-Mexicas: el imperio de Mesoamérica

Guardat en:
Dades bibliogràfiques
Autor principal: Pérez López-Portillo, Raúl (Autor)
Format: Llibre
Idioma:espanyol
Publicat: Madrid Silex 2012
Edició:1a. ed
Matèries:
Etiquetes: Afegir etiqueta
Sense etiquetes, Sigues el primer a etiquetar aquest registre!

MARC

LEADER 00000cam a2200000 a 4500
001 UCC6017
003 CL-VaPUC
008 181116e20120000sp |||||||||||||||||spa|d
020 |a 9788477375968 
082 0 4 |a 972.01  |b PER  |2 21 
100 0 |a Pérez López-Portillo, Raúl  |e author  |9 600469 
245 1 0 |a Aztecas-Mexicas: el imperio de Mesoamérica 
250 |a 1a. ed 
300 |a 413 p 
942 |c BK 
945 |d 20181116 13:40:00  |a dcastane 
260 |a Madrid  |b Silex  |c 2012 
650 7 |a IMPERIO AZTECA  |2 CL-VaPUC  |9 452299 
650 0 |a Civilizaciones antiguas  |9 265998 
650 7 |a CIVILIZACIONES AMERICANAS  |2 CL-VaPUC  |9 600470 
650 0 |a Historia de México  |9 321806 
583 |a last modification  |c 20181116 13:40:00  |k Rodrigo Vera 
999 |c 373098  |d 373096 
952 |0 0  |1 0  |3 erb  |4 0  |6 972_010000000000000_PER_2012  |7 0  |8 A  |9 491033  |a BIBHIS  |b BIBHIS  |i 5514134  |l 3  |o 972.01 PER 2012  |p 5514134  |r 2025-01-20  |s 2021-09-01  |w 2019-11-24  |y BK  |z Catalogado en:20181116  |k HIS 
952 |0 0  |1 0  |3 erb  |4 0  |6 972_010000000000000_PER_2012  |7 0  |8 A  |9 491034  |a BIBHIS  |b BIBHIS  |i 5515084  |o 972.01 PER 2012  |p 5515084  |r 2025-01-20  |w 2019-11-24  |y BK  |z Catalogado en:20181116  |k HIS